Normal view
MARC view
- Alyan, Hala,
Entry Personal Name
001 - CONTROL NUMBER
- control field: 97961
003 - CONTROL NUMBER IDENTIFIER
- control field: NUST
005 - DATE AND TIME OF LATEST TRANSACTION
- control field: 20220818113736.0
008 - FIXED-LENGTH DATA ELEMENTS
- fixed length control field: 220818|| aca||aabn | a|a d
040 ## - CATALOGING SOURCE
- Original cataloging agency: NUST
- Transcribing agency: NUST
100 ## - HEADING--PERSONAL NAME
- Personal name: Alyan, Hala,
- Dates associated with a name: 1986-
670 ## - SOURCE DATA FOUND
- Source citation: Work cat.: (NUST)0: Alyan, Hala, 1986- author., The arsonists' city
